000 00471nam a2200157Ia 4500
008 160316s1995 xxu||||| |||| 00| 0 eng d
082 _a320.800000
_bRAJ
100 _aRajshekar D
245 _aPeople centred rural development : NGO's and decentralised government
250 _a
260 _aBangalore
_bISEC
_c1995
300 _a137p
_b
_c
365 _bRs.140/-
650 _a1. Local Self Government - Rural Development - Panchayat Raj System
700 _aBhat M K
_a
999 _c11563
_d11563